000 00248 a2200097 4500
020 _a9781259921704
245 _aOrganizational behavior: emerging knowledge. Global reality
250 _a8th ed.
260 _bMcGraw-Hill Education
_c2018
942 _cBK
999 _c58255
_d58255